000 00902nam a2200253 a 4500
001 000023490
005 20200930022245.0
008 101209s1971 sp r 000 0 spa d
040 _aDO-SdBNP
_bspa
_cBNPHU
041 1 7 _aspa
_hita
_2Código de idioma MARC
082 _a709.04042
_bP724e
100 1 _aPlebe, Armando,
_d1972-
_948400
240 1 0 _aChe cosa e'l'espressionismo.
_lEspañol.
245 1 0 _aQué es verdaderamente El expresionismo /
_cArmando Plebe ; traducción española por A. Sánchez-Gijón.
260 _aMadrid, (España) :
_bDoncel,
_c1971.
300 _a140, [1] p. ;
_c18 cm.
490 1 _aQué es verdaderamente
_v3
534 _aTítulo original:
_tChe cosa e'l'espressionismo.
650 4 _aExpresionismo (arte)
_948401
650 4 _aExpresionismo
_948402
700 1 _aSánchez-Gijón, Ángel
_etr.
_948403
830 0 _aQué es verdaderamente ;
_v3
_917012
049 _aBNGR
999 _c22986
_d22986